000 00791nam a2200265Ia 4500
005 20260121170838.0
008 008 260114s9999 xx 000 0 eng d
020 _a9783030021313
037 _aEBOOK
040 _aCRL
040 _beng
040 _cCRL
041 _2eng
041 _aeng
084 _qCRL
100 _aSalah A. Al-Sharhan, Antonis C. Simintiras, Yogesh K. Dwivedi, Marijn Janssen, Matti Mäntymäki, Luay Tahat, Issam Moughrabi, Taher M. Ali, Nripendra P. Rana
_91068885
245 0 _aChallenges and Opportunities in the Digital Era
260 _bSpringer
260 _bSpringer
260 _c2018
856 _uhttps://link.springer.com/openurl?genre=book&isbn=978-3-030-02131-3
942 _cEBOOK
999 _c1634615
_d1634615